000 00625nam a2200253Ia 4500
003 OSt
005 20220918174615.0
006 a|||||r|||| 00| 0
007 ta
008 220917b |||||||| |||| 00| 0 eng d
024 _a13,098
037 _cTextual
040 _aARTS
_cARTS
_beng
041 _2eng
_aeng
082 _aN498, L3 Q4
100 _aLowry John
_951098
245 0 _aTibetan art
260 _aLondon
_bCrown
_c1973
300 _a118p.
_ccm.
490 _aVictoria and Albert Museum
650 _aARTS
942 _hN498, L3 Q4
_cTEXL
_2CC
999 _c153918
_d153918